[Event "Titled Tuesday intern op 28th Apr"]
[Site "Chess.com INT"]
[Date "2020.04.28"]
[Round "4"]
[White "Selbes, Tarik"]
[Black "Matveev, Vladimir I"]
[Result "0-1"]
[WhiteElo "2235"]
[BlackElo "1441"]
[PlyCount "88"]
[EventDate "2020.04.28"]
[EventType "swiss (blitz)"]
[EventRounds "10"]
[EventCountry "USA"]
[SourceTitle "EXT 2021"]
[Source "ChessBase"]
[SourceDate "2020.10.23"]
[SourceVersion "1"]
[SourceVersionDate "2020.10.23"]
[SourceQuality "1"]

1. e4 d6 2. d4 g6 3. Nc3 Bg7 4. Be3 a6 5. Qd2 b5 6. Bd3 Bb7 7. Nce2 Nf6 8. f3 Nbd7 9. Nh3 c5 10. c3 0-0 11. Nf2 cxd4 12. cxd4 e5 13. 0-0 d5 14. exd5 Nxd5 15. Bh6 exd4 16. Bxg7 Kxg7 17. Be4 Qb6 18. Qxd4+ Qxd4 19. Nxd4 N7f6 20. Rfe1 Nxe4 21. Nxe4 Rad8 22. Nc5 Bc8 23. Rad1 Rfe8 24. Rxe8 Rxe8 25. Kf2 Nb6 26. b3 Nd7 27. Ne4 Ne5 28. h3 Re7 29. Nd6 Bd7 30. f4 Nc6 31. Nf3 f6 32. g4 Be6 33. Rc1 Nb4 34. Kg3 Nxa2 35. Re1 Kf8 36. Nd4 Bd7 37. Ra1 Re3+ 38. Kh4 Rd3 39. Rxa2 Rxd4 40. Rxa6 Rxf4 41. Ra7 Ke7 42. Nxb5 Rf3 43. Nd4 g5+ 44. Kh5 Rxh3# 0-1

[Event "RUS-ch IPCA"]
[Site "Volgograd"]
[Date "2017.04.30"]
[Round "1"]
[White "Matveev, Vladimir I"]
[Black "Goncharov, Vladimir"]
[Result "0-1"]
[WhiteElo "1427"]
[BlackElo "2033"]
[PlyCount "46"]
[EventDate "2017.04.30"]
[EventType "swiss"]
[EventRounds "9"]
[EventCountry "RUS"]
[SourceTitle "CBM 178 Extra"]
[Source "ChessBase"]
[SourceDate "2017.06.22"]
[SourceVersion "1"]
[SourceVersionDate "2017.06.22"]
[SourceQuality "1"]

1. e4 c5 2. Nf3 e6 3. d3 Nc6 4. c3 d5 5. Be2 Nf6 6. e5 Nd7 7. d4 Qb6 8. 0-0 Be7 9. Qd3 cxd4 10. cxd4 Nf8 11. Nc3 Bd7 12. a3 Qb3 13. Bd1 Qc4 14. Qe3 Rc8 15. b3 Qa6 16. Be2 Qb6 17. b4 Qc7 18. Bd2 Ng6 19. Rac1 Qd8 20. Nb5 a6 21. Nd6+ Bxd6 22. exd6 Qf6 23. Qf4 Nxf4 0-1